000 00699nam a2200205 4500
001 143411
003 ES-MaACL
007 t|
008 070214s1925 sp r ||||1| cat d
100 1 _aSéneca, Lucio Anneo.
_9105451
245 1 0 _aConsolación /
_cLucio Anneo Séneca ; text i traducció de Carles Cardó.
260 _aBarcelona :
_bFundació Bernat Metge,
_c1925.
300 _a2 h., V, 1 h., 5 p., 112 h., 3h. ;
_c22 cm.
490 1 _aFundació Bernat Metge. Escriptors llatins
700 1 _aCardó, Carles.
_935168
710 2 _aFundació Bernat Metge.
_94201
830 0 _aFundació Bernat Metge. Escriptors llatins
_9181998
852 _aES-MaACL
_jC-6785
999 _c143411
_d143411